| 000 | 00499cam a2200181ua 4500 | ||
|---|---|---|---|
| 001 | 2376 | ||
| 008 | 110806n ii |||gr||||Z||||||eng | ||
| 040 | _cMAIN | ||
| 082 | _a327.09044 | ||
| 100 | 1 | _aGupta, Madan Gopal., | |
| 245 |
_aInternational relations since 1945 _cBy Madan Gopal Gupta. |
||
| 250 | _a4th. | ||
| 260 |
_aNew delhi: _bChaitanya publishing house.,986. |
||
| 300 |
_a364 p.: _c23 cm. |
||
| 653 | _aPolitical science. | ||
| 653 | _aInternational relations since 1945. | ||
| 942 | _cBK | ||
| 999 |
_c2233 _d2233 |
||